000 00299nam a22001337a 4500
020 _a978-93-5103-822-1
082 _a823
_bGEM/H
100 _aGEMEINHART, DAN
245 _aTHE HONEST TRUTH
260 _aNEW YORK
_bSCHOLASTIC
_c2015
300 _a229
650 _aNOVEL
_zUNITED STATES
942 _cBK
999 _c3056
_d3056